[Event "July TNT"]
[Site "Winnipeg CAN"]
[Date "2006.07.18"]
[Round "3"]
[White "Nguyen, Huy"]
[Black "Greenberg, Harley"]
[Result "1-0"]
[WhiteElo "1638"]
[BlackElo "1771"]
[PlyCount "53"]
[EventDate "2006.07.04"]
[EventType "swiss"]
[EventRounds "4"]
[EventCountry "CAN"]

1. Nf3 Nf6 2. g3 d6 3. d4 g6 4. Bg2 Bg7 5. O-O O-O 6. c4 Nbd7 7. Nc3 e5 8. e3
c6 9. a4 Qc7 10. b4 Nb6 11. c5 Nc4 12. Nd2 exd4 13. exd4 Nxd2 14. Bxd2 Nh5 15.
d5 dxc5 16. bxc5 cxd5 17. Nxd5 Qxc5 18. Bb4 Qd4 19. Qxd4 Bxd4 20. Rad1 Bg7 21.
Bxf8 Bxf8 22. Nc7 Rb8 23. Rd8 Kg7 24. Re1 Nf6 25. Ne8+ Nxe8 26. Rexe8 Bd7 27.
Rxb8 1-0

[Event "July TNT"]
[Site "Winnipeg CAN"]
[Date "2006.07.18"]
[Round "3"]
[White "Pottinger, Carl"]
[Black "Trueman, Francis"]
[Result "1-0"]
[WhiteElo "1720"]
[BlackElo "1474"]
[PlyCount "33"]
[EventDate "2006.07.04"]
[EventType "swiss"]
[EventRounds "4"]
[EventCountry "CAN"]

1. c4 Nf6 2. g3 e5 3. Bg2 d6 4. e4 g6 5. Nc3 Bg7 6. Nge2 O-O 7. O-O Nbd7 8. d3
c6 9. f4 Ng4 10. h3 Ngf6 11. Be3 b6 12. Qd2 a5 13. Rf2 Nc5 14. Raf1 Bd7 15.
fxe5 Nxd3 16. Qxd3 dxe5 17. Bg5 1-0

[Event "July TNT"]
[Site "Winnipeg CAN"]
[Date "2006.07.18"]
[Round "3"]
[White "Rumpel, Chris"]
[Black "Essery, Richard"]
[Result "1-0"]
[WhiteElo "1728"]
[BlackElo "1594"]
[PlyCount "53"]
[EventDate "2006.07.04"]
[EventType "swiss"]
[EventRounds "4"]
[EventCountry "CAN"]

1. d4 Nf6 2. c4 g6 3. Nc3 d5 4. cxd5 Nxd5 5. e4 Nxc3 6. bxc3 Bg7 7. Bc4 c5 8.
Ne2 cxd4 9. cxd4 O-O 10. O-O Nc6 11. Be3 b6 12. d5 Bxa1 13. Qxa1 Na5 14. Bh6 f6
15. Bd3 Rf7 16. Nf4 Qd6 17. Re1 e6 18. e5 fxe5 19. Rxe5 Bb7 20. Rxe6 Qd7 21.
Bxg6 Rxf4 22. Be8 Rxe8 23. Rxe8+ Kf7 24. Rf8+ Kg6 25. Rxf4 Qxd5 26. Qf6+ Kh5
27. Rh4# 1-0

[Event "July TNT"]
[Site "Winnipeg CAN"]
[Date "2006.07.18"]
[Round "3"]
[White "Tang, Edward"]
[Black "Silva, T Romeo"]
[Result "1-0"]
[WhiteElo "1959"]
[BlackElo "1727"]
[PlyCount "83"]
[EventDate "2006.07.04"]
[EventType "swiss"]
[EventRounds "4"]
[EventCountry "CAN"]

1. d4 Nf6 2. c4 e6 3. Nc3 d5 4. Bg5 c6 5. e3 Nbd7 6. Nf3 Qa5 7. cxd5 exd5 8.
Bd3 h6 9. Bh4 Be7 10. O-O O-O 11. a3 Qd8 12. b4 a6 13. Qb3 Ne8 14. Bxe7 Qxe7
15. a4 Ndf6 16. b5 Nd6 17. bxc6 bxc6 18. Ne5 Bd7 19. Qa3 Rfc8 20. Rfc1 Be8 21.
Ne2 g5 22. Rc2 Qe6 23. Rac1 Nb7 24. Ng3 Ne4 25. Nxe4 f6 26. Nf3 Bg6 27. Nc5
Nxc5 28. Rxc5 Bh5 29. Be2 Be8 30. Ra5 Ra7 31. Rxa6 Rac7 32. Qc5 h5 33. Ra7 h4
34. Ba6 h3 35. Bxc8 Qxc8 36. Rxc7 Qxc7 37. Qxd5+ Kg7 38. Qe6 Bd7 39. Nxg5 Kg6
40. Qg8+ Kh6 41. Qh7+ Kxg5 42. f4+ 1-0

[Event "July TNT"]
[Site "Winnipeg CAN"]
[Date "2006.07.18"]
[Round "3"]
[White "Van Wyk, Joseph"]
[Black "Lafreniere, Adrian"]
[Result "0-1"]
[WhiteElo "1830"]
[BlackElo "1842"]
[PlyCount "66"]
[EventDate "2006.07.04"]
[EventType "swiss"]
[EventRounds "4"]
[EventCountry "CAN"]

1. e4 c6 2. c4 d5 3. cxd5 cxd5 4. exd5 Qxd5 5. Nf3 Bf5 6. Nc3 Qe6+ 7. Be2 Nc6
8. d4 Nb8 9. Bf4 a6 10. d5 Qb6 11. O-O Nf6 12. Nd4 Bc8 13. Rc1 Nbd7 14. Na4 Qa5
15. Qc2 Nb6 16. Nxb6 Qxb6 17. Rfd1 g6 18. Bc7 Qa7 19. Ba5 Bg7 20. Bb5+ axb5 21.
Qxc8+ Rxc8 22. Rxc8+ Kd7 23. Rc7+ Ke8 24. Nc6 Qa8 25. Rxe7+ Kf8 26. Bb4 Kg8 27.
d6 Bf8 28. Bc3 Bxe7 29. dxe7 Kg7 30. Nb4 Rc8 31. Nd5 Rxc3 32. bxc3 Nxd5 33.
Rxd5 Qxa2 0-1

[Event "July TNT"]
[Site "Winnipeg CAN"]
[Date "2006.07.18"]
[Round "3"]
[White "Vincent, Trevor"]
[Black "Repa, Jason"]
[Result "1-0"]
[WhiteElo "2040"]
[BlackElo "1956"]
[PlyCount "39"]
[EventDate "2006.07.04"]
[EventType "swiss"]
[EventRounds "4"]
[EventCountry "CAN"]

1. c4 c5 2. g3 Nf6 3. Bg2 e6 4. Nf3 a6 5. O-O Be7 6. b3 Qc7 7. e3 O-O 8. Nc3 b6
9. Qe2 Bb7 10. Bb2 d6 11. Rad1 Nbd7 12. d4 d5 13. cxd5 Nxd5 14. Nxd5 Bxd5 15.
e4 Bc6 16. Rfe1 Rfe8 17. d5 exd5 18. exd5 Bb5 19. Qc2 Rad8 20. Rxe7 1-0

[Event "July TNT"]
[Site "Winnipeg CAN"]
[Date "2006.07.18"]
[Round "3"]
[White "Wiebe, Daniel"]
[Black "Gibbons, Lorne"]
[Result "1-0"]
[WhiteElo "1257"]
[BlackElo "1314"]
[PlyCount "77"]
[EventDate "2006.07.04"]
[EventType "swiss"]
[EventRounds "4"]
[EventCountry "CAN"]

1. e4 c5 2. Nf3 Nc6 3. d4 cxd4 4. Nxd4 Qa5+ 5. Nc3 Nxd4 6. Qxd4 e5 7. Qd5 Bc5
8. Qxe5+ Kf8 9. Be3 d6 10. Bxc5 Qxc5 11. Qxc5 dxc5 12. O-O-O Be6 13. Bb5 Nf6
14. f3 a6 15. e5 Ne8 16. Bxe8 Kxe8 17. Rd6 Ke7 18. Rhd1 Rhd8 19. Nd5+ Bxd5 20.
R6xd5 Rxd5 21. Rxd5 Rc8 22. c4 Ke6 23. Kc2 Rc7 24. Kb3 b5 25. Rd6+ Kxe5 26.
Rxa6 b4 27. Ka4 Kd4 28. b3 Ke3 29. Kb5 Kf2 30. Rc6 Ra7 31. Rxc5 Kxg2 32. Rg5+
Kxf3 33. Rxg7 h5 34. c5 Ke4 35. c6 Kd5 36. Kb6 Rxa2 37. c7 Rc2 38. Kb7 Rc3 39.
c8=Q 1-0

[Event "July TNT"]
[Site "Winnipeg CAN"]
[Date "2006.07.25"]
[Round "4"]
[White "Greenberg, Harley"]
[Black "Khedkar, Jay"]
[Result "1/2-1/2"]
[WhiteElo "1771"]
[BlackElo "1886"]
[PlyCount "58"]
[EventDate "2006.07.04"]
[EventType "swiss"]
[EventRounds "4"]
[EventCountry "CAN"]

1. e4 d6 2. d4 Nd7 3. c4 Ngf6 4. Nc3 e5 5. Nf3 c6 6. Be2 Be7 7. O-O O-O 8. b4
Qc7 9. Bb2 Re8 10. Qc2 Nf8 11. Rac1 Ng6 12. d5 Nf4 13. dxc6 bxc6 14. Rfd1 Bg4
15. h3 Bh5 16. b5 c5 17. Nh2 Qd7 18. Bxh5 N6xh5 19. Nd5 Qe6 20. Nxf4 Nxf4 21.
f3 Qg6 22. Kh1 Bh4 23. Rb1 Re6 24. Bc1 Nh5 25. a4 Ng3+ 26. Kg1 Bd8 27. Qd2 Rb8
28. Ba3 Bg5 29. Qd3 h5 1/2-1/2

[Event "July TNT"]
[Site "Winnipeg CAN"]
[Date "2006.07.25"]
[Round "4"]
[White "Lafreniere, Adrian"]
[Black "Booth, Kevin"]
[Result "1-0"]
[WhiteElo "1842"]
[BlackElo "1585"]
[PlyCount "71"]
[EventDate "2006.07.04"]
[EventType "swiss"]
[EventRounds "4"]
[EventCountry "CAN"]

1. e4 e5 2. Nf3 Nc6 3. d3 Bc5 4. g3 Nf6 5. Bg2 d6 6. O-O Bg4 7. h3 Bh5 8. Qe1
Bxf3 9. Bxf3 Nd4 10. Bd1 Qd7 11. Kg2 d5 12. Nc3 dxe4 13. Nxe4 Qd5 14. f3 Nxe4
15. fxe4 Qd6 16. Be3 Qb6 17. Qf2 O-O 18. c3 Ne6 19. Bxc5 Nxc5 20. Qc2 Rad8 21.
Be2 Rd7 22. Rf3 Rfd8 23. Raf1 Nxe4 24. Qc1 Nc5 25. d4 exd4 26. cxd4 Ne6 27. d5
Nd4 28. R3f2 Nxe2 29. Rxe2 Rxd5 30. Qf4 R5d7 31. Qf5 Qc6+ 32. Kh2 Qd5 33. Rfe1
g6 34. Qf6 h5 35. Re8+ Kh7 36. Qh8# 1-0

[Event "July TNT"]
[Site "Winnipeg CAN"]
[Date "2006.07.25"]
[Round "4"]
[White "Nguyen, Huy"]
[Black "Vincent, Trevor"]
[Result "0-1"]
[WhiteElo "1638"]
[BlackElo "2040"]
[PlyCount "141"]
[EventDate "2006.07.04"]
[EventType "swiss"]
[EventRounds "4"]
[EventCountry "CAN"]

1. Nf3 c5 2. e4 Nc6 3. g3 g6 4. Bg2 Bg7 5. c3 e5 6. O-O Nge7 7. d3 d6 8. h3 O-O
9. Na3 h6 10. Nc2 f5 11. a4 a5 12. Re1 Be6 13. exf5 Nxf5 14. Ne3 Nxe3 15. Bxe3
Qd7 16. g4 Kh7 17. Nd2 b6 18. Nc4 Rab8 19. Qe2 d5 20. Na3 Rfe8 21. Nb5 Bf6 22.
Rad1 Kg7 23. Qd2 g5 24. f3 d4 25. Bf2 dxc3 26. bxc3 Red8 27. Be3 Bb3 28. h4
Bxd1 29. Rxd1 Qe7 30. d4 cxd4 31. cxd4 Nxd4 32. Nxd4 exd4 33. Bf2 Qa3 34. h5
Rd6 35. f4 d3 36. Qe3 Qb4 37. Rxd3 Qb1+ 38. Bf1 Rxd3 39. Qxd3 Qxd3 40. Bxd3 Rd8
41. fxg5 hxg5 42. Bb5 Bd4 43. Kg2 Bxf2 44. Kxf2 Rd5 45. Ke3 Re5+ 46. Kd4 Kf6
47. Bd7 Re1 48. Kc4 Rb1 49. Bb5 Ke5 50. Bd7 Kd6 51. Bb5 Rb4+ 52. Kd3 Rxg4 53.
Ke3 Rh4 54. Kf3 Rxh5 55. Kg4 Rh4+ 56. Kxg5 Rb4 57. Be8 Rc4 58. Bb5 Rc5+ 59. Kf4
Rxb5 60. axb5 Kd5 61. Ke3 Kc5 62. Kd3 Kxb5 63. Kc3 a4 64. Kb2 Kb4 65. Ka2 Kc3
66. Kb1 b5 67. Ka2 b4 68. Kb1 b3 69. Ka1 b2+ 70. Ka2 Kc2 71. Ka3 0-1

[Event "July TNT"]
[Site "Winnipeg CAN"]
[Date "2006.07.25"]
[Round "4"]
[White "Pottinger, Carl"]
[Black "Rumpel, Chris"]
[Result "1-0"]
[WhiteElo "1720"]
[BlackElo "1728"]
[PlyCount "61"]
[EventDate "2006.07.04"]
[EventType "swiss"]
[EventRounds "4"]
[EventCountry "CAN"]

1. c4 c6 2. g3 d5 3. Bg2 Nf6 4. Nf3 dxc4 5. Na3 b5 6. Nh4 a6 7. O-O e6 8. b3
cxb3 9. Qxb3 Bc5 10. d3 O-O 11. Bb2 Bb7 12. Rfc1 Bd4 13. Rc2 Bxb2 14. Qxb2 Qe7
15. Rac1 Rc8 16. Nb1 Nd5 17. Nf5 Qf6 18. Qxf6 Nxf6 19. Ne7+ Kf8 20. Nxc8 Bxc8
21. Bxc6 Nxc6 22. Rxc6 Bb7 23. Rc7 Rb8 24. e4 Ng4 25. Nd2 Ne5 26. d4 Nd3 27.
R1c3 Nb2 28. f3 Na4 29. Rc2 Nb6 30. Kf2 Nc8 31. Rxb7 1-0

[Event "July TNT"]
[Site "Winnipeg CAN"]
[Date "2006.07.25"]
[Round "4"]
[White "Repa, Jason"]
[Black "Wiebe, Daniel"]
[Result "1-0"]
[WhiteElo "1956"]
[BlackElo "1257"]
[PlyCount "49"]
[EventDate "2006.07.04"]
[EventType "swiss"]
[EventRounds "4"]
[EventCountry "CAN"]

1. b3 e5 2. Bb2 Nc6 3. e3 d5 4. Bb5 e4 5. Bxc6+ bxc6 6. Ne2 Qg5 7. O-O Bh3 8.
Nf4 Bg4 9. Qe1 Bd6 10. h3 Bf3 11. g3 h5 12. d3 Bxf4 13. exf4 Qf5 14. Nd2 Qxh3
15. Nxf3 h4 16. Ng5 Qg4 17. f3 Qh5 18. g4 Qh6 19. fxe4 h3 20. exd5+ Ne7 21. Ba3
O-O 22. Bxe7 Rfe8 23. Qe4 f6 24. Qe6+ Kh8 25. Nf7+ 1-0

[Event "July TNT"]
[Site "Winnipeg CAN"]
[Date "2006.07.25"]
[Round "4"]
[White "Rutter, Blair"]
[Black "Tang, Edward"]
[Result "0-1"]
[WhiteElo "1793"]
[BlackElo "1959"]
[PlyCount "58"]
[EventDate "2006.07.04"]
[EventType "swiss"]
[EventRounds "4"]
[EventCountry "CAN"]

1. c4 e6 2. g3 d5 3. cxd5 exd5 4. Bg2 Nf6 5. d4 Bd6 6. Nc3 c6 7. f4 Bf5 8. Nf3
h5 9. Bd2 h4 10. Qb3 Na6 11. a3 Qe7 12. O-O-O h3 13. Bf1 Ng4 14. Re1 Ne3 15.
Ne5 Nc2 16. e4 Nxd4 17. Qa4 Nc5 18. Qd1 Ndb3+ 19. Kb1 dxe4 20. Be3 O-O-O 21.
Qc2 Bxe5 22. fxe5 Nd3 23. Re2 Nd4 24. Bxd4 Rxd4 25. Nb5 Qxe5 26. Nxd4 Qxd4 27.
Qc3 Rd8 28. Qxd4 Rxd4 29. Re3 g5 0-1

[Event "July TNT"]
[Site "Winnipeg CAN"]
[Date "2006.07.25"]
[Round "4"]
[White "Silva, T Romeo"]
[Black "Van Wyk, Joseph"]
[Result "0-1"]
[WhiteElo "1727"]
[BlackElo "1830"]
[PlyCount "52"]
[EventDate "2006.07.04"]
[EventType "swiss"]
[EventRounds "4"]
[EventCountry "CAN"]

1. d4 d5 2. c4 e6 3. Nc3 c5 4. e3 Nf6 5. Nf3 Nc6 6. dxc5 Bxc5 7. Be2 O-O 8. O-O
dxc4 9. Bxc4 e5 10. Be2 Qe7 11. a3 Rd8 12. Qc2 e4 13. Nd2 Bf5 14. Re1 Rac8 15.
Bf1 Ne5 16. Qa4 Neg4 17. h3 Nxf2 18. Kxf2 Qe5 19. Ne2 Qh2 20. Ng3 Bxh3 21.
Ndxe4 Ng4+ 22. Kf3 Ne5+ 23. Kf4 Ng6+ 24. Kf3 Nh4+ 25. Kf4 g5+ 26. Kxg5 Rd5+ 0-1

[Event "June TNT"]
[Site "Winnipeg CAN"]
[Date "2006.06.06"]
[Round "1"]
[White "Anderson, George"]
[Black "Khedkar, Jay"]
[Result "0-1"]
[WhiteElo "1509"]
[BlackElo "1877"]
[PlyCount "68"]
[EventDate "2006.06.06"]
[EventType "swiss"]
[EventRounds "4"]
[EventCountry "CAN"]

1. a3 d5 2. b4 e5 3. e3 Bd6 4. c4 c6 5. Bb2 Nf6 6. h3 O-O 7. Nf3 Re8 8. Qc2
Nbd7 9. Nc3 e4 10. Nh2 Ne5 11. cxd5 cxd5 12. Nb5 Bb8 13. Rc1 Nc6 14. d3 d4 15.
Nxd4 Nxd4 16. Bxd4 Bxh2 17. Rxh2 Qxd4 18. exd4 exd3+ 19. Kd2 dxc2 20. Rxc2 Bf5
21. Bd3 Ne4+ 22. Bxe4 Rxe4 23. Rc7 Rxd4+ 24. Ke3 Re4+ 25. Kf3 Rd8 26. Kg3 h5
27. Rh1 h4+ 28. Kh2 Re2 29. g4 Be4 30. Rf1 Rdd2 31. Kg1 Rd3 32. Re7 Rxh3 33. f3
Rhh2 34. Rc1 Reg2+ 0-1

[Event "June TNT"]
[Site "Winnipeg CAN"]
[Date "2006.06.06"]
[Round "1"]
[White "Booth, Kevin"]
[Black "Van Wyk, Joseph"]
[Result "0-1"]
[WhiteElo "1574"]
[BlackElo "1882"]
[PlyCount "46"]
[EventDate "2006.06.06"]
[EventType "swiss"]
[EventRounds "4"]
[EventCountry "CAN"]

1. d4 d5 2. c4 e6 3. Nf3 Nf6 4. Bg5 c5 5. cxd5 cxd4 6. Qxd4 Qa5+ 7. Nc3 Nxd5 8.
O-O-O Nc6 9. Qd2 Bb4 10. e4 Bxc3 11. bxc3 Qxc3+ 12. Qc2 Qa3+ 13. Kb1 Nc3+ 14.
Ka1 Nxd1 15. Qxd1 O-O 16. Bc1 Qb4 17. a3 Qc5 18. Bb2 Rd8 19. Qe1 e5 20. Be2 Nd4
21. Nxd4 exd4 22. Qd2 Be6 23. Rc1 Qb6 0-1

[Event "June TNT"]
[Site "Winnipeg CAN"]
[Date "2006.06.06"]
[Round "1"]
[White "Kwiatek, Jordan"]
[Black "Wasserman, Leor"]
[Result "1-0"]
[WhiteElo "1855"]
[BlackElo "1402"]
[PlyCount "31"]
[EventDate "2006.06.06"]
[EventType "swiss"]
[EventRounds "4"]
[EventCountry "CAN"]

1. Nf3 Nc6 2. d4 d5 3. Bg5 h6 4. Bh4 Nf6 5. Bxf6 exf6 6. e3 Bg4 7. c4 dxc4 8.
Bxc4 Bb4+ 9. Nc3 Qd7 10. O-O O-O-O 11. a3 Bd6 12. b4 Nxb4 13. axb4 Bxb4 14.
Rxa7 Qc6 15. Bb5 Bxf3 16. Bxc6 1-0

[Event "June TNT"]
[Site "Winnipeg CAN"]
[Date "2006.06.06"]
[Round "1"]
[White "Lauritson, Jim"]
[Black "Essery, Richard"]
[Result "1-0"]
[WhiteElo "1875"]
[BlackElo "1594"]
[PlyCount "61"]
[EventDate "2006.06.06"]
[EventType "swiss"]
[EventRounds "4"]
[EventCountry "CAN"]

1. d4 d5 2. Nf3 Bf5 3. c4 e6 4. Nc3 Nf6 5. Bg5 Be7 6. Bxf6 Bxf6 7. cxd5 exd5 8.
Qb3 Be4 9. Qxb7 Nd7 10. Nxe4 dxe4 11. Qxe4+ Be7 12. e3 O-O 13. Bd3 Bb4+ 14. Ke2
Nf6 15. Qh4 Re8 16. Rhd1 Rb8 17. Rac1 Bf8 18. Ne5 Rxb2+ 19. Kf1 h6 20. Bc4 Nd5
21. Qxd8 Rxd8 22. Bb3 Nb4 23. Nxf7 Rb8 24. Ne5+ Kh7 25. Rxc7 Bd6 26. Rxa7 Rf8
27. Nf3 Bxh2 28. e4 Nc6 29. Rf7 Rc8 30. Nxh2 Nb4 31. d5 1-0

[Event "June TNT"]
[Site "Winnipeg CAN"]
[Date "2006.06.06"]
[Round "1"]
[White "Nguyen, Huy"]
[Black "Gibson, Fred"]
[Result "1-0"]
[WhiteElo "1638"]
[BlackElo "1206"]
[PlyCount "57"]
[EventDate "2006.06.06"]
[EventType "swiss"]
[EventRounds "4"]
[EventCountry "CAN"]

1. Nf3 Nf6 2. g3 g6 3. Bg2 Bg7 4. c4 a5 5. Nc3 Na6 6. d4 c6 7. e4 d6 8. O-O Bg4
9. Be3 O-O 10. h3 Bd7 11. e5 Ne8 12. Qd2 f6 13. Bh6 Nac7 14. Bxg7 Kxg7 15. Rad1
d5 16. b3 h6 17. Qe3 e6 18. Na4 Na6 19. cxd5 cxd5 20. Rc1 Bxa4 21. bxa4 Kh7 22.
Rfe1 f5 23. Bf1 Nec7 24. Rc3 Rb8 25. Rb3 Nb4 26. Rb2 b6 27. a3 Nba6 28. Rc1 Rf7
29. Rc6 1-0

[Event "June TNT"]
[Site "Winnipeg CAN"]
[Date "2006.06.06"]
[Round "1"]
[White "Rumpel, Chris"]
[Black "Nikouline, Alexandre"]
[Result "0-1"]
[WhiteElo "1748"]
[BlackElo "1984"]
[PlyCount "56"]
[EventDate "2006.06.06"]
[EventType "swiss"]
[EventRounds "4"]
[EventCountry "CAN"]

1. d4 Nf6 2. c4 e6 3. Nc3 Bb4 4. Qc2 O-O 5. a3 Bxc3+ 6. Qxc3 Ne4 7. Qc2 f5 8.
f3 Qh4+ 9. g3 Nxg3 10. hxg3 Qxh1 11. Nh3 Qh2 12. Bf4 Nc6 13. O-O-O d6 14. g4
Qh1 15. gxf5 Rxf5 16. e4 Rxf4 17. Nxf4 Nxd4 18. Qd3 Qxf3 19. Qxd4 Qxf4+ 20. Kb1
e5 21. Qg1 Qg4 22. Bg2 Be6 23. Qh1 Rf8 24. Rg1 Rf2 25. Bf1 Qf3 26. Qh6 Rxf1+
27. Kc2 Qe2+ 28. Kc3 Rf3+ 0-1

[Event "June TNT"]
[Site "Winnipeg CAN"]
[Date "2006.06.06"]
[Round "1"]
[White "Rutter, Blair"]
[Black "Wasserman, Arie"]
[Result "1-0"]
[WhiteElo "1786"]
[BlackElo "1535"]
[PlyCount "93"]
[EventDate "2006.06.06"]
[EventType "swiss"]
[EventRounds "4"]
[EventCountry "CAN"]

1. c4 e5 2. g3 Bc5 3. Bg2 Nc6 4. Nc3 Nf6 5. e3 d6 6. Nge2 Be6 7. d3 O-O 8. O-O
Qd7 9. Na4 Bb6 10. Nxb6 axb6 11. e4 Bh3 12. f4 Bxg2 13. Kxg2 h6 14. h3 Nh7 15.
f5 Ne7 16. Be3 b5 17. b3 bxc4 18. dxc4 Nf6 19. Nc3 c6 20. Qd2 Kh7 21. Rad1 Rad8
22. Bb6 Ra8 23. Qxd6 Qxd6 24. Rxd6 Nc8 25. Rxf6 gxf6 26. Bc7 b6 27. Rd1 Ra7 28.
Bd8 Kg7 29. Kf3 b5 30. c5 b4 31. Na4 Ra8 32. g4 Na7 33. Ba5 Rab8 34. Nb6 Nc8
35. Nd7 Rb5 36. Nxf8 Rxa5 37. Rd8 Ne7 38. Nd7 Rxa2 39. Rb8 Ra7 40. Nb6 Ra3 41.
Nc4 Rxb3+ 42. Ke2 Rxh3 43. Rxb4 Rh2+ 44. Kd3 Rh1 45. Rb7 Nc8 46. Rc7 Rh3+ 47.
Ne3 1-0

[Event "June TNT"]
[Site "Winnipeg CAN"]
[Date "2006.06.06"]
[Round "1"]
[White "Wiebe, Daniel"]
[Black "Silva, T Romeo"]
[Result "0-1"]
[WhiteElo "1257"]
[BlackElo "1682"]
[PlyCount "36"]
[EventDate "2006.06.06"]
[EventType "swiss"]
[EventRounds "4"]
[EventCountry "CAN"]

1. e4 c5 2. Nf3 e6 3. d4 cxd4 4. Nxd4 a6 5. Nc3 Qc7 6. Be3 Nf6 7. Qd2 b5 8.
Ndxb5 axb5 9. Nxb5 Qc6 10. f3 Ba6 11. Qa5 Bxb5 12. Qxb5 Be7 13. Qxc6 Nxc6 14.
c3 O-O 15. Bg5 h6 16. Bxf6 Bxf6 17. Bb5 Rfb8 18. a4 Rxb5 0-1

[Event "June TNT"]
[Site "Winnipeg CAN"]
[Date "2006.06.13"]
[Round "2"]
[White "Essery, Richard"]
[Black "Booth, Kevin"]
[Result "0-1"]
[WhiteElo "1594"]
[BlackElo "1574"]
[PlyCount "56"]
[EventDate "2006.06.06"]
[EventType "swiss"]
[EventRounds "4"]
[EventCountry "CAN"]

1. d4 Nf6 2. Nf3 e6 3. Bf4 d5 4. e3 Bd6 5. Bg3 c6 6. Bd3 Bxg3 7. hxg3 Nbd7 8.
c3 Qb6 9. Qc2 g6 10. Nbd2 c5 11. b3 cxd4 12. exd4 Qd6 13. O-O-O b6 14. Rhe1 Bb7
15. Ng5 Qe7 16. Bxg6 Qa3+ 17. Kb1 fxg6 18. Rxe6+ Kd8 19. Nf7+ Kc7 20. Nxh8 Rxh8
21. c4 Rc8 22. cxd5+ Kb8 23. Nc4 Qb4 24. Qe2 Bxd5 25. Rxf6 Bxc4 26. Qf3 Nxf6
27. Qxf6 Bd3+ 28. Kb2 Rc2+ 0-1

[Event "June TNT"]
[Site "Winnipeg CAN"]
[Date "2006.06.13"]
[Round "2"]
[White "Gibson, Fred"]
[Black "Anderson, George"]
[Result "0-1"]
[WhiteElo "1206"]
[BlackElo "1509"]
[PlyCount "54"]
[EventDate "2006.06.06"]
[EventType "swiss"]
[EventRounds "4"]
[EventCountry "CAN"]

1. e4 e6 2. d4 d5 3. e5 Bd7 4. Bd3 c5 5. c3 Nc6 6. Nf3 Qb6 7. Bc2 cxd4 8. Nxd4
Nxe5 9. O-O Nf6 10. f3 Bc5 11. Kh1 Bxd4 12. cxd4 Nc6 13. b3 Rc8 14. Be3 Nb4 15.
Na3 Bb5 16. Rf2 O-O 17. Bb1 Rc6 18. Nc2 Nxc2 19. Bxc2 Rfc8 20. Rc1 a5 21. a4
Ba6 22. Rd2 Qc7 23. Qe1 Bd3 24. Rxd3 Rxc2 25. Bd2 Rxc1 26. Bxc1 Qxc1 27. Rd1
Qc3 0-1

[Event "June TNT"]
[Site "Winnipeg CAN"]
[Date "2006.06.13"]
[Round "2"]
[White "Greenberg, Harley"]
[Black "Rumpel, Chris"]
[Result "1/2-1/2"]
[WhiteElo "1712"]
[BlackElo "1748"]
[PlyCount "70"]
[EventDate "2006.06.06"]
[EventType "swiss"]
[EventRounds "4"]
[EventCountry "CAN"]

1. d4 d5 2. c4 c6 3. Nc3 Nf6 4. Nf3 a6 5. cxd5 cxd5 6. g3 Nc6 7. Bg2 e6 8. O-O
Bd6 9. Bg5 O-O 10. e4 dxe4 11. Nxe4 Be7 12. Nc5 Nxd4 13. Nxd4 Bxc5 14. Nb3 Qxd1
15. Rfxd1 Be7 16. Rac1 h6 17. Bf4 Ra7 18. Bb8 Ra8 19. Bc7 Ne8 20. Bb6 Bf6 21.
Rc2 Be7 22. Nc5 Nd6 23. Bc7 Nb5 24. Nxb7 Bxb7 25. Bxb7 Ra7 26. Rd7 Rxb7 27. a4
Bf6 28. axb5 Rxb5 29. Bd6 Re8 30. b4 a5 31. bxa5 Rxa5 32. Rcc7 Ra1+ 33. Kg2
Rea8 34. Rxf7 Bd4 35. Bc5 Bf6 1/2-1/2

[Event "June TNT"]
[Site "Winnipeg CAN"]
[Date "2006.06.13"]
[Round "2"]
[White "Khedkar, Jay"]
[Black "Nguyen, Huy"]
[Result "1-0"]
[WhiteElo "1877"]
[BlackElo "1638"]
[PlyCount "57"]
[EventDate "2006.06.06"]
[EventType "swiss"]
[EventRounds "4"]
[EventCountry "CAN"]

1. e4 Nc6 2. Nf3 e5 3. Bb5 Nd4 4. Nc3 c6 5. Bc4 d6 6. Nxd4 exd4 7. Qh5 g6 8.
Qf3 Be6 9. Bxe6 fxe6 10. Ne2 Bg7 11. Qb3 Qd7 12. Nf4 d5 13. exd5 cxd5 14. O-O
O-O-O 15. c4 dxc3 16. bxc3 e5 17. Nd3 Ne7 18. Nc5 Qc6 19. Rb1 b6 20. Na6 Kb7
21. Ba3 Nc8 22. Nb4 Qd7 23. c4 d4 24. c5 Ne7 25. Rfc1 Qf5 26. c6+ Ka8 27. Na6
Nc8 28. c7 Rde8 29. Qd5# 1-0

[Event "June TNT"]
[Site "Winnipeg CAN"]
[Date "2006.06.13"]
[Round "2"]
[White "Nikouline, Alexandre"]
[Black "Kwiatek, Jordan"]
[Result "1-0"]
[WhiteElo "1984"]
[BlackElo "1855"]
[PlyCount "55"]
[EventDate "2006.06.06"]
[EventType "swiss"]
[EventRounds "4"]
[EventCountry "CAN"]

1. e4 c5 2. Nf3 d6 3. d4 cxd4 4. Nxd4 Nf6 5. Nc3 g6 6. Be3 Bg7 7. f3 O-O 8. Qd2
Nc6 9. g4 Re8 10. O-O-O Qa5 11. Bc4 Nd7 12. Nd5 Qd8 13. Nb5 Nde5 14. Bb3 Na5
15. Nbc7 Nac4 16. Bxc4 Nxc4 17. Qe2 Nxe3 18. Qxe3 Rb8 19. Nxe8 Qxe8 20. Qxa7
Bd7 21. Nxe7+ Kh8 22. Rxd6 Ra8 23. Qxb7 Be6 24. c3 Rb8 25. Qc7 Bxa2 26. Nc6
Bh6+ 27. Kc2 Rc8 28. Qxc8 1-0

[Event "June TNT"]
[Site "Winnipeg CAN"]
[Date "2006.06.13"]
[Round "2"]
[White "Prince, Colin"]
[Black "Lauritson, Jim"]
[Result "0-1"]
[WhiteElo "1873"]
[BlackElo "1875"]
[PlyCount "101"]
[EventDate "2006.06.06"]
[EventType "swiss"]
[EventRounds "4"]
[EventCountry "CAN"]

1. e4 c5 2. Nf3 e6 3. d4 cxd4 4. Nxd4 Nc6 5. Nc3 a6 6. Be2 Qc7 7. O-O b5 8. Be3
Nf6 9. Bf3 Bb7 10. a3 Be7 11. Re1 O-O 12. Nce2 Ne5 13. Bf4 Rac8 14. Ng3 d6 15.
c3 Nc4 16. b3 Nb2 17. Qe2 Qxc3 18. Be3 Nd3 19. Red1 Ne5 20. b4 Qc4 21. Qe1 Qc7
22. a4 bxa4 23. Rxa4 Qd7 24. Rda1 Rc7 25. Be2 Nc4 26. Bc1 Rfc8 27. Qf1 d5 28.
e5 Nxe5 29. b5 axb5 30. Nxb5 Rc2 31. Nd4 Rxc1 32. Rxc1 Qxa4 33. Rxc8+ Bxc8 34.
Nb5 Nc4 35. Qb1 Qb4 36. Qxb4 Bxb4 37. Nd4 Bd7 38. Nf3 Bc3 39. h3 Kf8 40. Nf1
Ke7 41. g4 Ne4 42. g5 Ncd2 43. h4 Nxf1 44. Bxf1 Nd2 45. Nh2 Nxf1 46. Nxf1 Bb5
47. Ng3 Bb4 48. Kg2 d4 49. Ne4 Bc6 50. Kf3 d3 51. Ke3 0-1

[Event "June TNT"]
[Site "Winnipeg CAN"]
[Date "2006.06.13"]
[Round "2"]
[White "Van Wyk, Joseph"]
[Black "Silva, T Romeo"]
[Result "1/2-1/2"]
[WhiteElo "1882"]
[BlackElo "1682"]
[PlyCount "47"]
[EventDate "2006.06.06"]
[EventType "swiss"]
[EventRounds "4"]
[EventCountry "CAN"]

1. e4 c5 2. c3 Nc6 3. d4 cxd4 4. cxd4 e6 5. d5 Ne5 6. f4 Bb4+ 7. Nc3 Ng6 8. Nf3
Qc7 9. Qd2 Nf6 10. dxe6 dxe6 11. Bd3 O-O 12. a3 Bxc3 13. Qxc3 Qb6 14. Ke2 Bd7
15. Be3 Qd8 16. Rad1 Rc8 17. Qb4 Qc7 18. g3 a6 19. Rc1 Bc6 20. Nd4 Qd7 21. Nxc6
Rxc6 22. Rxc6 Qxc6 23. Rc1 Qd7 24. Rd1 1/2-1/2

[Event "June TNT"]
[Site "Winnipeg CAN"]
[Date "2006.06.13"]
[Round "2"]
[White "Wasserman, Arie"]
[Black "Gibbons, Lorne"]
[Result "1-0"]
[WhiteElo "1535"]
[BlackElo "1288"]
[PlyCount "27"]
[EventDate "2006.06.06"]
[EventType "swiss"]
[EventRounds "4"]
[EventCountry "CAN"]

1. e4 e5 2. Bc4 Nf6 3. Nc3 c6 4. Nf3 b5 5. Bb3 d6 6. d3 h6 7. h3 Qe7 8. Be3 Be6
9. Bxe6 Qxe6 10. Nh4 g6 11. Ne2 Be7 12. Nf3 Nbd7 13. Qd2 O-O 14. Bxh6 1-0